[Event "Budapest-chT1 Lilienthal 1718"]
[Site "Budapest"]
[Date "2018.01.14"]
[Round "6"]
[White "Kis, Bela"]
[Black "Molnar, Emil"]
[Result "1-0"]
[WhiteElo "2021"]
[BlackElo "1988"]
[PlyCount "73"]
[EventDate "2017.10.01"]
[EventType "team-tourn"]
[EventRounds "13"]
[EventCountry "HUN"]
[SourceTitle "EXT 2021"]
[Source "ChessBase"]
[SourceDate "2020.10.23"]
[SourceVersion "1"]
[SourceVersionDate "2020.10.23"]
[SourceQuality "1"]
[WhiteTeam "Budapest Vasas II"]
[BlackTeam "Budapest EAC II"]
[WhiteTeamCountry "HUN"]
[BlackTeamCountry "HUN"]

1. e4 c5 2. c3 Nf6 3. e5 Nd5 4. d4 cxd4 5. Nf3 Qc7 6. cxd4 e6 7. Nc3 Nxc3 8. bxc3 a6 9. Bd2 b5 10. a4 bxa4 11. Qxa4 Bb7 12. Bd3 Be7 13. 0-0 0-0 14. c4 f6 15. Ba5 Qc6 16. Qb3 Kh8 17. Rab1 Ra7 18. Rfe1 f5 19. d5 exd5 20. Nd4 dxc4 21. Nxc6 cxb3 22. Nxe7 Nc6 23. Bb6 Nxe7 24. Bxa7 Bd5 25. Bc5 Re8 26. Bxa6 Nc6 27. Bb5 Kg8 28. Ba4 Rb8 29. Red1 Be6 30. Bxc6 dxc6 31. Rd6 Bd5 32. e6 h6 33. e7 Re8 34. Rd8 Kf7 35. f3 f4 36. Kf2 Bc4 37. Rd4 1-0

[Event "HUN-chT2 Erkel 1516"]
[Site "Hungary"]
[Date "2015.10.18"]
[Round "3.7"]
[White "Schreuder Peters, Misja"]
[Black "Molnar, Emil"]
[Result "1-0"]
[WhiteElo "1955"]
[BlackElo "2017"]
[PlyCount "121"]
[EventDate "2015.09.13"]
[EventType "team-tourn"]
[EventRounds "11"]
[EventCountry "HUN"]
[SourceTitle "CBM 170 Extra"]
[Source "ChessBase"]
[SourceDate "2016.02.25"]
[SourceVersion "1"]
[SourceVersionDate "2016.02.25"]
[SourceQuality "1"]
[WhiteTeam "Budapest MTK II"]
[BlackTeam "Barcza BEAC"]
[WhiteTeamCountry "HUN"]
[BlackTeamCountry "HUN"]

1. Nf3 c5 2. g3 Nc6 3. Bg2 e5 4. 0-0 d5 5. d3 Be7 6. e4 dxe4 7. dxe4 Qxd1 8. Rxd1 Bg4 9. c3 Nf6 10. Re1 h6 11. Na3 0-0 12. Nc4 Bxf3 13. Bxf3 Rfd8 14. Ne3 Bf8 15. Nd5 Ne7 16. Nxf6+ gxf6 17. Be3 Nc6 18. Rad1 Rxd1 19. Rxd1 Rd8 20. Kg2 Kg7 21. Bg4 Rxd1 22. Bxd1 b5 23. Be2 b4 24. Bc4 Bd6 25. g4 bxc3 26. bxc3 Nd8 27. h4 Ne6 28. Bxe6 fxe6 29. Kf3 Bf8 30. h5 Kf7 31. Ke2 Ke8 32. Kd3 Kd7 33. Kc4 Kc6 34. a4 a5 35. Bd2 Kb6 36. Bc1 Kc6 37. Be3 Kb6 38. f4 exf4 39. Bxf4 Kc6 40. Be3 Kb6 41. e5 fxe5 42. g5 hxg5 43. Bxg5 e4 44. h6 Kc6 45. h7 Bg7 46. Be3 Bf6 47. Bxc5 Bg7 48. Be3 Bh8 49. Kb3 Bg7 50. Kc2 Kd5 51. Kb3 Kc6 52. c4 Kb7 53. Bh6 Bh8 54. Kc2 Kc6 55. Bf8 Bd4 56. Kd2 Kd7 57. Bc5 Bf6 58. Ke3 Kc6 59. Be7 Bg7 60. Kxe4 Kd7 61. Bc5 1-0

[Event "Budapest-chT1 Lilienthal 1011"]
[Site "Budapest"]
[Date "2011.03.06"]
[Round "10"]
[White "Csillik, David"]
[Black "Molnar, Emil"]
[Result "1/2-1/2"]
[WhiteElo "1987"]
[BlackElo "2107"]
[PlyCount "79"]
[EventDate "2010.09.19"]
[EventType "team-tourn"]
[EventRounds "11"]
[EventCountry "HUN"]
[SourceTitle "EXT 2020"]
[Source "ChessBase"]
[SourceDate "2019.10.17"]
[SourceVersion "1"]
[SourceVersionDate "2019.10.17"]
[SourceQuality "1"]
[WhiteTeam "Budapest HUSI II"]
[BlackTeam "Budapest EAC III"]
[WhiteTeamCountry "HUN"]
[BlackTeamCountry "HUN"]

1. d4 Nf6 2. c4 c5 3. Nf3 cxd4 4. Nxd4 Nc6 5. Nc3 g6 6. e3 Bg7 7. Be2 0-0 8. 0-0 Nxd4 9. exd4 d5 10. c5 Be6 11. Be3 Ne4 12. f3 Nxc3 13. bxc3 b6 14. cxb6 Qxb6 15. Qd2 Rfc8 16. Rfc1 Qa5 17. Bd3 Qa3 18. Rab1 Rab8 19. Rxb8 Rxb8 20. Rb1 Rxb1+ 21. Bxb1 Bc8 22. Bd3 Ba6 23. Bxa6 Qxa6 24. Qb2 h6 25. Qd2 Kh7 26. g3 Qb5 27. Kg2 a5 28. Qc2 a4 29. Bc1 e5 30. dxe5 Bxe5 31. Qd2 Bg7 32. Ba3 Qc4 33. Bb4 h5 34. a3 Bf6 35. Kf2 h4 36. Kg2 Kg7 37. Kf2 h3 38. Qe2 Qc8 39. Qd3 Qe6 40. Bc5 1/2-1/2

[Event "HUN-chT2 Breyer 0809"]
[Site "Hungary"]
[Date "2009.02.08"]
[Round "7"]
[White "Molnar, Emil"]
[Black "Bencsura, Barnabas"]
[Result "1-0"]
[WhiteElo "2113"]
[BlackElo "2029"]
[PlyCount "119"]
[EventDate "2008.10.26"]
[EventType "team-tourn"]
[EventRounds "11"]
[EventCountry "HUN"]
[SourceTitle "EXT 2010"]
[Source "ChessBase"]
[SourceDate "2010.11.25"]
[SourceVersion "1"]
[SourceVersionDate "2010.11.25"]
[SourceQuality "1"]
[WhiteTeam "BEAC II"]
[BlackTeam "Balatonfuered"]
[WhiteTeamCountry "HUN"]
[BlackTeamCountry "HUN"]

1. Nf3 c5 2. c4 Nc6 3. d4 cxd4 4. Nxd4 Nf6 5. Nc3 a6 6. g3 e6 7. Nc2 Be7 8. Bg2 0-0 9. 0-0 Qc7 10. Ne3 Rb8 11. b3 b6 12. Bb2 Bb7 13. Rc1 d6 14. Ncd5 Qd8 15. Nxe7+ Qxe7 16. Qd2 Rfd8 17. Qc3 Rbc8 18. Rfd1 a5 19. Ng4 e5 20. Qf3 Ne8 21. Ne3 Nf6 22. Nf5 Qc7 23. Ba3 Ne8 24. g4 Rb8 25. Qc3 Ne7 26. Bxb7 Rxb7 27. Qf3 Rbb8 28. Rd2 Rd7 29. Rcd1 Rbd8 30. h4 Ng6 31. h5 Nf4 32. e3 Ne6 33. Qg2 g6 34. hxg6 fxg6 35. Qd5 gxf5 36. Qxe6+ Kh8 37. gxf5 Rg7+ 38. Kf1 Qb7 39. Qd5 Qe7 40. Qe6 Qh4 41. Rxd6 Qh1+ 42. Ke2 Qh5+ 43. Kd2 Nxd6 44. Bxd6 Re8 45. Qf6 Kg8 46. Kc1 Qh2 47. f4 Qg3 48. Bxe5 Qxe3+ 49. Kb1 Rxe5 50. Qxe5 Qxe5 51. fxe5 Rg5 52. Rf1 Kf7 53. Kc2 h5 54. Kd3 Rg2 55. f6 h4 56. e6+ Kxe6 57. f7 Rg3+ 58. Ke2 Rg5 59. f8Q Re5+ 60. Kd3 1-0

[Event "HUN-chT2 Erkel 0708"]
[Site "Hungary"]
[Date "2008.04.27"]
[Round "10"]
[White "Molnar, Emil"]
[Black "Rozsa, Zoltan"]
[Result "1/2-1/2"]
[WhiteElo "2143"]
[BlackElo "1980"]
[PlyCount "88"]
[EventDate "2007.10.14"]
[EventType "team"]
[EventRounds "11"]
[EventCountry "HUN"]
[SourceTitle "EXT 2009"]
[Source "ChessBase"]
[SourceDate "2008.11.26"]
[SourceVersion "1"]
[SourceVersionDate "2008.11.26"]
[SourceQuality "1"]
[WhiteTeam "BEAC II"]
[BlackTeam "Vaci"]
[WhiteTeamCountry "HUN"]
[BlackTeamCountry "HUN"]

1. Nf3 Nf6 2. c4 e6 3. g3 b6 4. Bg2 Bb7 5. 0-0 Be7 6. d4 0-0 7. b3 Ne4 8. Nfd2 f5 9. Nxe4 Bxe4 10. f3 Bb7 11. Nc3 d6 12. e4 Nd7 13. exf5 exf5 14. d5 Bf6 15. Bb2 g6 16. Qd2 Bg7 17. Rae1 Nf6 18. Nb5 Qd7 19. Re6 Nxd5 20. Rfe1 Bxb2 21. Qxb2 Rae8 22. cxd5 Qxb5 23. f4 Rxe6 24. dxe6 Bxg2 25. Kxg2 Qd5+ 26. Kh3 c5 27. e7 Re8 28. Qf6 Qd4 29. Qxd4 cxd4 30. Re6 Kf7 31. Rxd6 Rxe7 32. Rxd4 Rc7 33. Ra4 Ke6 34. Kh4 h6 35. g4 fxg4 36. Kxg4 a5 37. Re4+ Kf6 38. Re5 Rc5 39. Rxc5 bxc5 40. Kf3 Kf5 41. a3 g5 42. fxg5 hxg5 43. h3 Ke5 44. Kg4 Kf6 1/2-1/2

[Event "HUN-chT2 Erkel 0506"]
[Site "Hungary"]
[Date "2006.03.19"]
[Round "9"]
[White "Szegedi, Peter"]
[Black "Molnar, Emil"]
[Result "1-0"]
[WhiteElo "2262"]
[BlackElo "2147"]
[PlyCount "127"]
[EventDate "2005.10.16"]
[EventType "team"]
[EventRounds "11"]
[EventCountry "HUN"]
[SourceTitle "EXT 2009"]
[Source "ChessBase"]
[SourceDate "2008.11.26"]
[SourceVersion "1"]
[SourceVersionDate "2008.11.26"]
[SourceQuality "1"]
[WhiteTeam "Ujszasz"]
[BlackTeam "BEAC Rufusz II"]
[WhiteTeamCountry "HUN"]
[BlackTeamCountry "HUN"]

1. Nf3 c5 2. c4 Nc6 3. Nc3 g6 4. d3 Bg7 5. e4 e6 6. Bf4 d6 7. Qd2 Nge7 8. Bh6 Bxh6 9. Qxh6 Nd4 10. Nxd4 cxd4 11. Qg7 Rg8 12. Qxd4 Nc6 13. Qe3 Qf6 14. 0-0-0 Nd4 15. f4 g5 16. fxg5 Qxg5 17. Qxg5 Rxg5 18. Rd2 Bd7 19. Rf2 Ke7 20. Be2 Rag8 21. g3 b5 22. Rhf1 R8g7 23. b3 b4 24. Nd1 a5 25. Ne3 h5 26. Bd1 Be8 27. Rf6 Rh7 28. Ng2 Nf5 29. exf5 Kxf6 30. fxe6+ Kxe6 31. d4 Ke7 32. Bc2 Rhg7 33. Ne3 Bd7 34. Nf5+ Bxf5 35. Bxf5 Rg8 36. Kd2 Ra8 37. Kd3 a4 38. c5 axb3 39. axb3 d5 40. Re1+ Kf6 41. Bd7 Ra3 42. c6 Ra7 43. Re8 Rc7 44. Ke3 Rg6 45. Kf4 Kg7 46. Rb8 Rgxc6 47. Bxc6 Rxc6 48. Rxb4 Re6 49. Kg5 Re2 50. Kxh5 Rxh2+ 51. Kg5 f6+ 52. Kf5 Rh5+ 53. Ke6 Rg5 54. Rb7+ Kg6 55. Rb8 Kg7 56. b4 Rxg3 57. b5 Rb3 58. Kxd5 f5 59. Ke5 Rb4 60. d5 f4 61. d6 f3 62. d7 f2 63. d8Q f1Q 64. Qg5+ 1-0

[Event "HUN-chT2 Maroczy 0405"]
[Site "Hungary"]
[Date "2005.04.24"]
[Round "11"]
[White "Molnar, Emil"]
[Black "Szilagyi, Tibor"]
[Result "1-0"]
[WhiteElo "2155"]
[BlackElo "2123"]
[PlyCount "87"]
[EventDate "2004.09.26"]
[EventType "team"]
[EventRounds "11"]
[EventCountry "HUN"]
[SourceTitle "EXT 2008"]
[Source "ChessBase"]
[SourceDate "2007.11.25"]
[SourceVersion "1"]
[SourceVersionDate "2007.11.25"]
[SourceQuality "1"]
[WhiteTeam "BEAC II"]
[BlackTeam "Biogal"]
[WhiteTeamCountry "HUN"]
[BlackTeamCountry "HUN"]

1. Nf3 Nf6 2. c4 g6 3. Nc3 Bg7 4. d4 d6 5. e4 0-0 6. Be2 e5 7. 0-0 Nc6 8. d5 Ne7 9. Ne1 Nd7 10. Be3 f5 11. f3 f4 12. Bf2 g5 13. Nd3 Ng6 14. c5 Nf6 15. Rc1 Rf7 16. a4 a5 17. cxd6 cxd6 18. Nb5 g4 19. Rc3 h5 20. Qc2 gxf3 21. Bxf3 Bg4 22. Rc1 Bxf3 23. gxf3 Bf8 24. Rc8 Rxc8 25. Qxc8 Qxc8 26. Rxc8 Rg7 27. Kf1 Kh7 28. Bb6 Be7 29. Bxa5 Nh4 30. Ne1 Nd7 31. Bc7 Nc5 32. a5 Nb3 33. Nxd6 Nd4 34. Ne8 Rg5 35. d6 Bxd6 36. Bxd6 Nhxf3 37. Nxf3 Nxf3 38. Rc7+ Kg6 39. Rg7+ Kh6 40. Rxg5 Kxg5 41. Kg2 Nd2 42. Bxe5 Nxe4 43. Nd6 Nc5 44. Nxb7 1-0

[Event "HUN-chT2 Maroczy 0405"]
[Site "Hungary"]
[Date "2005.01.23"]
[Round "6"]
[White "Pal, Geza"]
[Black "Molnar, Emil"]
[Result "0-1"]
[WhiteElo "2248"]
[BlackElo "2155"]
[PlyCount "64"]
[EventDate "2004.09.26"]
[EventType "team"]
[EventRounds "11"]
[EventCountry "HUN"]
[SourceTitle "EXT 2008"]
[Source "ChessBase"]
[SourceDate "2007.11.25"]
[SourceVersion "1"]
[SourceVersionDate "2007.11.25"]
[SourceQuality "1"]
[WhiteTeam "Penzugyor"]
[BlackTeam "BEAC II"]
[WhiteTeamCountry "HUN"]
[BlackTeamCountry "HUN"]

1. d4 Nf6 2. Nf3 c5 3. c3 b6 4. g3 Bb7 5. Bg2 g6 6. 0-0 Bg7 7. Qb3 cxd4 8. Ne5 d5 9. cxd4 0-0 10. Nc3 Nc6 11. Rd1 Na5 12. Qa4 Rc8 13. Be3 a6 14. Qc2 b5 15. Qd2 Nc4 16. Nxc4 Rxc4 17. h3 Qd7 18. a3 Rfc8 19. Rac1 h5 20. Na2 Ne4 21. Qd3 Nd6 22. b3 Rxc1 23. Rxc1 Nf5 24. Rxc8+ Qxc8 25. Qc3 Qxc3 26. Nxc3 e6 27. Kf1 Nxd4 28. Bxd4 Bxd4 29. Na2 a5 30. Ke1 Bb2 31. b4 Bxa3 32. bxa5 b4 0-1

[Event "HUN-chT2 Charousek 0304"]
[Site "Hungary"]
[Date "2003.09.28"]
[Round "1"]
[White "Heiligermann, Gabor"]
[Black "Molnar, Emil"]
[Result "1/2-1/2"]
[WhiteElo "2181"]
[BlackElo "2177"]
[PlyCount "61"]
[EventDate "2003.09.28"]
[EventType "team"]
[EventRounds "11"]
[EventCountry "HUN"]
[SourceTitle "EXT 2005"]
[Source "ChessBase"]
[SourceDate "2004.11.15"]
[SourceVersion "1"]
[SourceVersionDate "2004.11.15"]
[SourceQuality "1"]

1. c4 Nf6 2. Nc3 g6 3. d4 c5 4. d5 Bg7 5. e4 d6 6. f4 0-0 7. Nf3 Na6 8. Be2 Nc7 9. 0-0 a6 10. a4 Rb8 11. h3 Bd7 12. e5 Nfe8 13. Be3 b5 14. axb5 axb5 15. b3 bxc4 16. bxc4 e6 17. Ne4 exd5 18. cxd5 Bf5 19. Ng3 dxe5 20. fxe5 Nxd5 21. Nxf5 gxf5 22. Bxc5 Nec7 23. Rc1 Re8 24. Bd6 Rb7 25. Qd3 Nf4 26. Qd2 Bxe5 27. Nxe5 Nxe2+ 28. Qxe2 Qxd6 29. Rxf5 Qd4+ 30. Kh1 Rb2 31. Qg4+ 1/2-1/2

[Event "HUN-chT2 Erkel 0203"]
[Site "Hungary"]
[Date "2003.03.23"]
[Round "9"]
[White "Tajti, Janos Sandor"]
[Black "Molnar, Emil"]
[Result "1/2-1/2"]
[WhiteElo "2137"]
[BlackElo "2178"]
[PlyCount "122"]
[EventDate "2002.09.22"]
[EventType "team"]
[EventRounds "11"]
[EventCountry "HUN"]
[SourceTitle "EXT 2009"]
[Source "ChessBase"]
[SourceDate "2008.11.26"]
[SourceVersion "1"]
[SourceVersionDate "2008.11.26"]
[SourceQuality "1"]

1. e4 c5 2. Nf3 Nc6 3. d4 cxd4 4. Nxd4 Nf6 5. Nc3 e5 6. Ndb5 d6 7. Bg5 a6 8. Na3 b5 9. Bxf6 gxf6 10. Nd5 f5 11. Bd3 Be6 12. Qh5 Bg7 13. c3 0-0 14. exf5 Bxd5 15. f6 e4 16. fxg7 Re8 17. Bc2 Re5 18. Qh6 b4 19. cxb4 Nxb4 20. 0-0 Rc8 21. Qd2 Qb6 22. Bb3 Bxb3 23. axb3 d5 24. Rac1 Ree8 25. Rxc8 Rxc8 26. Rc1 Rxc1+ 27. Qxc1 Nd3 28. Qc2 Kxg7 29. Nb1 Qb4 30. Qc3+ d4 31. Qxb4 Nxb4 32. Nd2 f5 33. Kf1 Kf6 34. Ke2 Ke5 35. Nc4+ Kd5 36. g3 Nc6 37. h3 Ne5 38. Na5 Ng6 39. Kd2 f4 40. Nc4 h5 41. Nb6+ Kc6 42. Nc4 Kc5 43. h4 fxg3 44. fxg3 Ne7 45. Ne5 Nf5 46. g4 hxg4 47. Nxg4 Nxh4 48. Nf6 Nf3+ 49. Kc2 Ng5 50. Nd7+ Kb4 51. Nb8 d3+ 52. Kd2 Nf3+ 53. Ke3 Kxb3 54. Nxa6 d2 55. Ke2 Kxb2 56. Nb4 Kc3 57. Nd5+ Kc4 58. Ne3+ Kb3 59. Nd5 Kb2 60. Nb4 Kb1 61. Kd1 Kb2 1/2-1/2